[Event "Africa-ch (Women)"]
[Site "Tunis"]
[Date "2013.05.24"]
[Round "6"]
[White "Mezioud, Amina"]
[Black "Nouali, Djouher"]
[Result "1-0"]
[WhiteElo "2029"]
[BlackElo "1727"]
[PlyCount "72"]
[EventDate "2013.05.18"]
[EventType "swiss"]
[EventRounds "9"]
[EventCountry "TUN"]
[SourceTitle "CBM 154 Extra"]
[Source "ChessBase"]
[SourceDate "2013.06.25"]
[SourceVersion "2"]
[SourceVersionDate "2013.06.25"]
[SourceQuality "1"]

1. e4 e5 2. Nf3 d6 3. d4 Nf6 4. Nc3 Nbd7 5. Bg5 Be7 6. Bc4 c6 7. a4 Qa5 8. 0-0 0-0 9. Rb1 Qb4 10. Bb3 h6 11. Bh4 exd4 12. Nxd4 Nc5 13. Re1 Nxb3 14. cxb3 Re8 15. h3 a6 16. Re3 c5 17. Nc2 Qa5 18. Bxf6 Bxf6 19. Qxd6 Be5 20. Qd1 Be6 21. Nd5 Rad8 22. Rd3 Kh8 23. Nce3 b5 24. Kh1 Rc8 25. f4 Bd4 26. b4 Qxa4 27. b3 Qa3 28. Nc2 Qa2 29. Nxd4 Bxd5 30. Rd2 Qa3 31. exd5 cxd4 32. d6 Re3 33. d7 Rd8 34. Rxd4 Rxd7 35. Rxd7 Qxb4 36. Rxf7 Qe4 1-0

[Event "ALG-ch (Women)"]
[Site "Algiers"]
[Date "2013.05.02"]
[Round "7"]
[White "Abdi, Zineb Dina"]
[Black "Nouali, Djouher"]
[Result "1-0"]
[WhiteElo "1893"]
[BlackElo "1722"]
[PlyCount "79"]
[EventDate "2013.04.29"]
[EventType "swiss"]
[EventRounds "9"]
[EventCountry "ALG"]
[SourceTitle "CBM 154 Extra"]
[Source "ChessBase"]
[SourceDate "2013.06.25"]
[SourceVersion "2"]
[SourceVersionDate "2013.06.25"]
[SourceQuality "1"]

1. e4 d6 2. d4 Nf6 3. Nc3 c6 4. f4 Qa5 5. Bd3 e5 6. dxe5 dxe5 7. Nf3 Nbd7 8. f5 Bc5 9. h3 b5 10. g4 h6 11. Qe2 b4 12. Nd1 Qb6 13. Be3 a5 14. Bxc5 Qxc5 15. Ne3 Nb6 16. Nc4 Nfd7 17. Ncd2 Na4 18. Rb1 Bb7 19. Qf2 Qxf2+ 20. Kxf2 Ke7 21. Nc4 f6 22. Nh4 Nf8 23. a3 Rg8 24. axb4 axb4 25. b3 Nc5 26. Ra1 g5 27. fxg6 Nxg6 28. Nxg6+ Rxg6 29. Rxa8 Bxa8 30. Ra1 Rg8 31. Ra7+ Bb7 32. Na5 Ra8 33. Nxc6+ Kd6 34. Rxa8 Bxa8 35. Nxb4 Nxe4+ 36. Bxe4 Bxe4 37. Nd3 Bxd3 38. cxd3 Kd5 39. Ke3 Kc5 40. Ke4 1-0

[Event "Olympiad Women-40"]
[Site "Istanbul"]
[Date "2012.09.04"]
[Round "7.4"]
[White "Nouali, Djouher"]
[Black "Lomandong, Noela Joyce"]
[Result "1-0"]
[WhiteElo "1727"]
[BlackElo "1516"]
[PlyCount "84"]
[EventDate "2012.08.28"]
[EventType "team-swiss"]
[EventRounds "11"]
[EventCountry "TUR"]
[SourceTitle "CBM 150 Extra"]
[Source "ChessBase"]
[SourceDate "2012.10.19"]
[SourceVersion "1"]
[SourceVersionDate "2012.10.19"]
[SourceQuality "1"]
[WhiteTeam "Algeria (W)"]
[BlackTeam "Monaco (W)"]
[WhiteTeamCountry "ALG"]
[BlackTeamCountry "MNC"]

1. c4 f5 2. d4 Nf6 3. Nc3 g6 4. Nf3 Bg7 5. Bg5 0-0 6. g3 d6 7. Bg2 c6 8. 0-0 Nbd7 9. Qd2 a6 10. a4 Qc7 11. Bh6 e5 12. Bxg7 Kxg7 13. Ng5 Nb8 14. b4 h6 15. Nh3 Be6 16. d5 Bf7 17. Rfc1 Rd8 18. b5 c5 19. e4 fxe4 20. Nxe4 Nxe4 21. Bxe4 Nd7 22. f4 Nf6 23. Nf2 exf4 24. Qxf4 Re8 25. Re1 Re7 26. Re2 axb5 27. cxb5 Bxd5 28. Qf3 Rae8 29. Rae1 Nxe4 30. Nxe4 Re6 31. Qc3+ Re5 32. Nxc5 Kh7 33. Rxe5 Rxe5 34. Rxe5 dxe5 35. Qe3 Qb6 36. Kf2 Qf6+ 37. Ke1 Qb6 38. Kd2 Qd6 39. Ke1 Qb6 40. Qc3 Qc7 41. Ne4 Qe7 42. Qc5 Qd7 1-0

[Event "TUR-ALG Friendship (Women)"]
[Site "Ankara"]
[Date "2012.05.19"]
[Round "7"]
[White "Nouali, Djouher"]
[Black "Cemhan, Kardelen"]
[Result "0-1"]
[WhiteElo "1756"]
[BlackElo "1941"]
[PlyCount "104"]
[EventDate "2012.05.12"]
[EventType "schev"]
[EventRounds "8"]
[EventCountry "TUR"]
[SourceTitle "CBM 148 Extra"]
[Source "ChessBase"]
[SourceDate "2012.06.22"]
[SourceVersion "1"]
[SourceVersionDate "2012.06.22"]
[SourceQuality "1"]
[WhiteTeam "Algeria (W)"]
[BlackTeam "Turkey (W)"]
[WhiteTeamCountry "ALG"]
[BlackTeamCountry "TUR"]

1. c4 e5 2. g3 Nc6 3. Bg2 f5 4. Nc3 Nf6 5. d3 g6 6. Nf3 Bg7 7. e4 d6 8. Qb3 a5 9. Bd2 Nb4 10. Nd5 Nbxd5 11. cxd5 a4 12. Qc4 0-0 13. Rc1 Ne8 14. h4 h6 15. exf5 Bxf5 16. g4 b5 17. Qxb5 Bxg4 18. Nh2 Bd7 19. Qc4 Qf6 20. Be3 Qf7 21. Kd2 Rb8 22. Rc2 Bb5 23. Qg4 Nf6 24. Qe6 Rb7 25. Rhc1 Bd7 26. Qxf7+ Rxf7 27. Rxc7 Rxb2+ 28. R1c2 Rb5 29. Ra7 Nxd5 30. Rxa4 Nxe3 31. Kxe3 d5 32. Ra7 d4+ 33. Kd2 Rxf2+ 34. Kc1 Rxc2+ 35. Kxc2 Bf5 36. Be4 h5 37. Ra8+ Kh7 38. Nf3 Rc5+ 39. Kd2 Bh6+ 40. Ke2 Bxe4 41. Ra7+ Kg8 42. dxe4 Rc2+ 43. Kd3 Rc3+ 44. Ke2 Re3+ 45. Kf2 Rxe4 46. Ra5 Bf4 47. Rd5 Kf7 48. Ng5+ Bxg5 49. hxg5 Ke6 50. Rd8 Kf5 51. a4 d3 52. Rxd3 Rxa4 0-1

[Event "ALG-ch (Women)"]
[Site "Algiers"]
[Date "2012.04.09"]
[Round "4"]
[White "Mazouz, Louiza"]
[Black "Nouali, Djouher"]
[Result "1/2-1/2"]
[WhiteElo "1648"]
[BlackElo "1741"]
[PlyCount "89"]
[EventDate "2012.04.07"]
[EventType "tourn"]
[EventRounds "11"]
[EventCountry "ALG"]
[SourceTitle "CBM 147 Extra"]
[Source "ChessBase"]
[SourceDate "2012.04.24"]
[SourceVersion "1"]
[SourceVersionDate "2012.04.24"]
[SourceQuality "1"]

1. d4 d6 2. c4 Nd7 3. e4 e5 4. Nf3 Ngf6 5. Nc3 Be7 6. Be2 0-0 7. Bg5 h6 8. Bh4 exd4 9. Qxd4 c5 10. Qd3 Ne5 11. Nxe5 dxe5 12. Bxf6 Bxf6 13. Qxd8 Bxd8 14. 0-0 Be6 15. Rad1 f5 16. f3 Bg5 17. Nd5 Bxd5 18. cxd5 Be3+ 19. Kh1 Bd4 20. b3 a6 21. g4 f4 22. Kg2 g5 23. h4 Kg7 24. Rh1 Rh8 25. Rh3 a5 26. Bb5 Kg6 27. Rdh1 Rad8 28. hxg5 Kxg5 29. Rh5+ Kg6 30. g5 Rdg8 31. Bd7 Rg7 32. Bf5+ Kf7 33. g6+ Kf8 34. Rxh6 Rxh6 35. Rxh6 b5 36. d6 c4 37. bxc4 bxc4 38. Rh8+ Rg8 39. Rxg8+ Kxg8 40. Be6+ Kg7 41. Bxc4 Kxg6 42. Be6 Kf6 43. Bg4 Kf7 44. d7 Ke7 45. Kf1 1/2-1/2